Statistics for Flags of African countries by capital (Very Hard)

Click here to take the quiz!

General Stats

  • This quiz has been taken 34 times
    (19 since last reset)
  • The average score is 39 of 67

Answer Stats

Answer% Correct
Algiers
89%
Gaborone
89%
Luanda
89%
Porto-Novo
89%
Praia
89%
Accra
78%
Bangui
78%
Banjul
78%
Bloemfontein/Cape Town/Pretoria
78%
Cairo
78%
Djibouti
78%
Freetown
78%
Juba
78%
Kinshasa
78%
Lusaka
78%
Malabo
78%
Maputo
78%
Maseru
78%
Mogadishu
78%
Nairobi
78%
N'Djamena
78%
Niamey
78%
Port Louis
78%
Rabat
78%
Windhoek
78%
Yamoussoukro/Abidjan
78%
Yaoundé
78%
Abuja
67%
Addis Ababa
67%
Antananarivo
67%
Brazzaville
67%
Gitega
67%
Harare
67%
Kampala
67%
Khartoum
67%
Kigali
67%
Lilongwe
67%
Lomé
67%
Mbabane
67%
Monrovia
67%
Moroni
67%
São Tomé
67%
Tripoli
67%
Tunis
67%
Victoria
67%
Asmara
56%
Bamako
56%
Bissau
56%
Dakar
56%
Libreville
56%
Ouagadougou
56%
Dodoma
44%
Nouakchott
44%
Conakry
33%
Hargeisa
22%
Sanaa
22%
Zanzibar
22%
Edinburgh of the Seven Seas
11%
Jamestown
11%
Lisbon
11%
Rome
11%
El Aaiún
0%
Georgetown
0%
Madrit
0%
Mamoudzou
0%
Saint Denis
0%
Saint Pierre
0%

Score Distribution

Percentile by Number Answered

Percent of People with Each Score

Your Score History

You have not taken this quiz since the last reset